| 000 | 00436 a2200133 4500 | ||
|---|---|---|---|
| 020 | _a0750678283 (alk. paper) | ||
| 082 | _a620.0015182 RAO | ||
| 100 | _aRao, S. S. | ||
| 245 |
_aThe finite element method in engineering / _cSingiresu S. Rao. |
||
| 250 | _a4th ed. | ||
| 260 |
_aAmsterdam ; _aBoston, MA : _bElsevier/Butterworth Heinemann, _cc2005. |
||
| 300 |
_axix, 663 p. : _bill. ; _c27 cm. |
||
| 650 | _aFinite element method. | ||
| 650 | _aEngineering mathematics. | ||
| 999 |
_c725 _d725 |
||